000 00230nam a2200097Ia 4500
005 20251222114413.0
008 251222s1900||||xx |||||||||||||| ||spa||
082 _aDVD0070/C73/2010
245 0 _aTemple de acero:True grit
942 _cDVD
999 _c2104
_d2104